Nederlandse gemeenten die beginnen met een E - Statistieken

Algemene statistieken
  • Deze quiz is 50 keer genomen
  • De gemiddelde score is 11 van 15
Antwoordstatistieken
Nr. Antwoord % Correct
8 Eindhoven
87%
3 Ede
83%
11 Enkhuizen
83%
10 Emmen
78%
13 Epe
78%
15 Etten-Leur
78%
1 Echt-Susteren
74%
9 Elburg
74%
14 Ermelo
74%
4 Eemnes
70%
6 Eersel
70%
12 Enschede
70%
2 Edam-Volendam
65%
7 Eijsden-Margraten
61%
5 Eemsdelta
35%
Geen overeenkomende quizzen gevonden
Scoreverdeling
Procent van Mensen met Elke Score
Percentiel versus Aantal Correcte Antwoorden
Uw Scoregeschiedenis
U heeft deze quiz nog niet genomen